Statystyki dla Państwa na literę P

Kliknij tutaj aby rozwiązać quiz!

Ogólne statystyki

  • Ten quiz został rozwiązany 26 razy
  • Średni wynik to 7 z 8

Statystyki odpowiedzi

HintOdpowiedź% Poprawnych
Ma dostęp do oceanu AtlantyckiegoPortugalia
100%
Ma dostęp do do Morza BałtyckiegoPolska
94%
Graniczy z KolumbiąPanama
89%
Stolicą jest AsuncionParagwaj
83%
Stolicą jest IslamabadPakistan
72%
Leży w MikronezjiPalau
72%
Stolicą jest Port MoresbyPapua
72%
Ma dostęp do Oceanu SpokojnegoPeru
67%

Rozkład punktacji

Percentyl według liczby udzielonych odpowiedzi

Procent ludzi z każdym wynikiem

Twoja historia wyników

Nie rozwiązałeś tego quizu